00430cam a2200157ua 45000010005000000080039000050200022000440400009000660820013000752450059000882600031001473000013001786530012001916530041002037000028002445822131028n ii |||gr||||Z||||||eng a978-0-19-564445-6 cMAIN a954.0145 aAsoka And The Decline of The MauryascBy Romila Thapar aNew Delhi:bOxford,c2008. axi,333p. aHistory aAsoka And The Decline of The Mauryas aThapar,Romila,eAthor.,